Selected Writings on Futures Markets

Na minha lista:
Detalhes bibliográficos
Outros Autores: Peck, Anne E.
Formato: Livro
Idioma:inglês
Publicado em: Chicago Board of Trade 1977
Edição:1. ed.
Colecção:Readings in Futures Markets Vol.2
Assuntos:
Tags: Adicionar Tag
Sem tags, seja o primeiro a adicionar uma tag!

MARC

LEADER 00000nam a2200000 4500
001 c010554
005 20221207075025.0
041 0 |a eng 
044 |a US 
245 1 0 |a Selected Writings on Futures Markets  |c Edit. Anne E. Peck 
250 |a 1. ed. 
264 1 |a Chicago  |b Board of Trade  |c 1977 
300 |a 402 s. 
490 1 |a Readings in Futures Markets  |v Vol.2 
830 0 |a Readings in Futures Markets  |v Vol.2 
610 2 0 |a trh 
610 2 0 |a ceny 
610 2 0 |a obchody termínové 
610 2 0 |a obchody burzové 
700 1 |a Peck, Anne E.